000 00320nam a22001337a 4500
008 181025b xxu||||| |||| 00| 0 eng d
020 _a9781435438897
041 _aeng
080 _a610
100 _a4
101 _aINF
245 _aMedical Terminology A Programed Systems Approach
_cTanis,J
942 _2udc
_cBK
999 _c50901
_d50901